Tierra sublevada : Oro impuro /
Documental sobre la depredación y el saqueo de los recursos minerales -metales e hidrocarburos- y las luchas contra la creciente contaminación. La película es un viaje alrededor de algunas de las explotaciones a cielo abierto con cianuro que las corporaciones han instalado en el noroeste argentino y...
Guardado en:
| Autor Principal: | |
|---|---|
| Autor Corporativo: | |
| Formato: | |
| Publicado: |
Argentina,
2009.
|
| Materias: | |
| Etiquetas: |
Agregar Etiqueta
Sin Etiquetas, Sea el primero en etiquetar este registro!
|
| LEADER | 01264ngm a22003015g 4500 | ||
|---|---|---|---|
| 001 | CEM.cems023196 | ||
| 008 | 130507s2009##################0###0#####d | ||
| 005 | 20250219133158.0 | ||
| 245 | 1 | 0 | |a Tierra sublevada : |b Oro impuro / |c Fernando Solanas. |
| 260 | |a Argentina, |c 2009. | ||
| 300 | |a 92'. | ||
| 500 | |a Consultar en ventanilla. | ||
| 520 | |a Documental sobre la depredación y el saqueo de los recursos minerales -metales e hidrocarburos- y las luchas contra la creciente contaminación. La película es un viaje alrededor de algunas de las explotaciones a cielo abierto con cianuro que las corporaciones han instalado en el noroeste argentino y la reacción de las poblaciones aledañas frente a la contaminación. | ||
| 538 | |a Soporte: CD - Color: Si - Grabación DRD | ||
| 590 | |a Identificación anterior registrada en SIABUC: DVD Nº142 | ||
| 100 | 1 | |a Solanas, Fernando | |
| 710 | 2 | |a INCAA. | |
| 082 | 5 | 7 | |/ SOL-1 |
| 653 | |a MINERÍA | ||
| 653 | |a MINERÍA A CIELO ABIERTO | ||
| 653 | |a CONTAMINACIÓN | ||
| 653 | |a ECOLOGÍA | ||
| 653 | |a CIANURO | ||
| 653 | |a HIDROCARBUROS | ||
| 653 | |a NOROESTE ARGENTINO | ||
| 653 | |a NIVEL SECUNDARIO | ||
| 653 | |a DOCUMENTAL | ||
| 859 | |a CEMS |b BIB. CEMS - Depto. Recursos Didacticos |h 577 |i SOL-1 |k DRD |p 1839.13 |t Ej.1 | ||
